00614nam a2200157Ia 4500008004100000040001700041041001200058082001600070100005200086245008300138260006700221300001100288942000700299952013300306999001700439230917s9999||||xx |||||||||||||| ||und|| e187044aMAIN aEnglish a301.426 I8N aInternational Institute for Population Sciences 0aNational family health survey (MCH and family planning): Uttar Pradesh 1992-93 aBombaybInternational Institute for Population Scienceesc1994 a314 p. cBK 0010406301_426000000000000_I8N709121624aMAINbMAINd2011-08-03l0o301.426 I8Np155611r2023-09-17 20:58:24w2023-09-17yBK c79365d79365